An introduction to nonassociative algebras / (Record no. 7268)
[ view plain ]
| 000 -LEADER | |
|---|---|
| fixed length control field | 00882nam a22002651 4500 |
| 001 - CONTROL NUMBER | |
| control field | 7268 |
| 003 - CONTROL NUMBER IDENTIFIER | |
| rucl marc code | BD-RjUL |
| 005 - DATE AND TIME OF LATEST TRANSACTION | |
| control field | 20211208234405.0 |
| 008 - FIXED-LENGTH DATA ELEMENTS--GENERAL INFORMATION | |
| fixed length control field | 140113s1966 nyu b 001 0 eng |
| 035 ## - SYSTEM CONTROL NUMBER | |
| System control number | (BD-RjUL)7311 |
| 040 ## - CATALOGING SOURCE | |
| Original cataloging agency | DLC/ICU |
| Transcribing agency | ICU |
| Modifying agency | DLC |
| -- | BD-RjUL |
| Language of cataloging | eng |
| 041 ## - LANGUAGE CODE | |
| Language code of text/sound track or separate title | eng |
| 082 00 - DEWEY DECIMAL CLASSIFICATION NUMBER | |
| Classification number | 512.8 |
| Author mark and year | SCI 1966 |
| 100 1# - MAIN ENTRY--PERSONAL NAME | |
| Personal name | Schafer, Richard D. |
| Fuller form of name | (Richard Donald), |
| Dates associated with a name | 1918- |
| 9 (RLIN) | 22712 |
| 245 13 - TITLE STATEMENT | |
| Title | An introduction to nonassociative algebras / |
| Statement of responsibility, etc. | Richard D. Schafer. |
| 260 ## - PUBLICATION, DISTRIBUTION, ETC. (IMPRINT) | |
| Place of publication, distribution, etc. | New York : |
| Name of publisher, distributor, etc. | Academic Press, |
| Date of publication, distribution, etc. | c1966. |
| 300 ## - PHYSICAL DESCRIPTION | |
| Pagination | x, 166 p. ; |
| Size | 24 cm. |
| 490 1# - SERIES STATEMENT | |
| Series statement | Pure and applied mathematics; a series of monographs and textbooks, |
| Volume/sequential designation | 22 |
| 504 ## - BIBLIOGRAPHY, ETC. NOTE | |
| Bibliography, etc | Includes Bibliography and index. |
| 650 #0 - SUBJECT ADDED ENTRY--TOPICAL TERM | |
| Topical term or geographic name as entry element | Nonassociative algebras. |
| 9 (RLIN) | 22713 |
| 830 #0 - SERIES ADDED ENTRY--UNIFORM TITLE | |
| Volume number/sequential designation | 22. |
| Uniform title | Pure and applied mathematics (Academic Press) ; |
| 942 ## - ADDED ENTRY ELEMENTS (KOHA) | |
| Source of classification or shelving scheme | Dewey Decimal Classification |
| Koha item type | Books |
| Lost status | Source of classification or shelving scheme | Damaged status | Not for loan | Collection code | Permanent Location | Current Location | Shelving location | Date acquired | Source of acquisition | Cost, normal purchase price | Total Checkouts | Full call number | Date last seen | Copy number | Koha item type |
|---|---|---|---|---|---|---|---|---|---|---|---|---|---|---|---|
| Dewey Decimal Classification | Non-fiction | Central Library, University of Rajshahi | Central Library, University of Rajshahi | 28/12/1968 | Zeitlinger | 75.60 | 512.8 SCI 1966 | 13/01/2014 | C-2 | Books | |||||
| Dewey Decimal Classification | Non-fiction | Central Library, University of Rajshahi | Central Library, University of Rajshahi | 28/12/1968 | Zeitlinger | 75.60 | 512.8 SCI 1966 | 27/08/2016 | C-3 | Books |